000 01203cam a22002891i 4500
003 OSt
005 20251001132857.0
008 250805s2023 le g 000 0 ara c
020 _a9786144151051
040 _aSA-JeALM
_bara
_cSA-RiAUC
_erda
082 0 4 _a212
_qSA-RiAUC
090 _a212
_bم ا و
100 1 _aالماوردي، علي بن محمد بن حبيب،
_d364-450 هجري
_eمؤلف.
245 1 0 _aأدب الدنيا والدين /
_cأبي الحسن الماوردي ؛ تحقيق ياسين محمد السواس.
250 _aالطبعة الثالثة.
264 1 _aدمشق :
_bدار ابن كثير،
_c2002
300 _a668 صفحة ؛
_c24 سم.
336 _aنص
_btxt
_2rdacontent
_3كتاب
337 _aبدون وسيط
_bn
_2rdamedia
338 _aمجلد
_bnc
_2rdacarrier
650 7 _aالأخلاق الإسلامية
_2aucsh
650 7 _aالآداب الإسلامية
_2aucsh
700 1 2 _iتحقيق لـ :
_aالماوردي، علي بن محمد بن حبيب،
_d364-450 هجري.
_tأدب الدنيا والدين
700 1 _aالسواس، ياسين محمد
_eمحقق.
942 _2ddc
_cBOOK
_n0
949 _aSA-JeALM
_d250805
_uosman123
_n1
999 _c12292
_d12292